000 00782cab a2200229 4500
001 WB2822-22
008 090401t1992 xxu||||| |||| 00| 0 eng d
035 _a(Sirsi) u26395
041 _aeng
245 _aBan for SSSIs
260 _c1992
350 _a0
490 _aPlanning (for the Natural and Built Environment)
_v(970) 29 May 1992, 3(1)
520 _aThe RTPI had called for sites of special scientific interest to be given a similar level of protection to that enjoyed by listed buildings and ancient monuments.
650 _aDRAFT PPG
650 _aNATURE CONSERVATION
650 _aSITES OF SPECIAL SCIENTIFIC INTEREST
650 _aSITES OF SPECIAL SCIENTIFIC INTEREST
690 _aENVIRONMENTAL AND LAND CONSULTANCY
942 _n0
948 _c04/03/1997
999 _c17728
_d17728